MARC
LEADER
00000nam2a2200000 4500
001
582872
005
20231101130934.0
035
|a (RuTPU)RU\TPU\prd\283682
035
|a RU\TPU\prd\283681
090
|a 582872
100
|a 20190405a19619999k y0rusy50 ca
101
0
|a rus
102
|a RU
181
0
|a i
182
0
|a b
200
0
|a Т. 58, № 11
|b Электронный ресурс
203
|a Текст
|c электронный
210
|d 2018
461
1
|0 (RuTPU)RU\TPU\prd\1767
|t Журнал вычислительной математики и математической физики
|o научный журнал
|f Российская академия наук (РАН)
|v Т. 58, № 11
|d 1961-
801
0
|a RU
|b 63413507
|c 20010227
|g PSBO
801
1
|a RU
|b 63413507
|c 20170221
801
2
|a RU
|b 63413507
|c 20190405
|g RCR
856
4
0
|u https://ras.jes.su/zvmmf/issue.2018.1.11-ru-2-3-4-5-6-7-8-9-10-11-12
942
|c BK